000 00538nam a2200205Ia 4500
003 GCL
008 140319s9999 xx 000 0 eng d
040 _aGCL /
_cGCL
082 0 4 _a843.83
_bL M
100 1 _aLITZ, A.WALTON
245 1 0 _aMAJOR AMERICAN: SHORT STORIES /
_cLITZ, A.WALTON
260 _a[S.N] :
_bOXFORD UNIVERSITY PRESS ،
_c1994
300 _a882 P
650 0 4 _aSTORIES
650 0 4 _aENGLISH LANGUAGE
650 0 4 _aSHORT STORIES
650 0 4 _aAMERICAN FICTION
650 0 4 _aAMERICAN LITERATURE
942 _2ddc
_cBK
999 _c25115
_d25115